000 00591nam a22002177a 4500
001 00028893
005 20260425091106.0
008 260425b ag ||||| |||| 00| 0 spa d
020 _a8441300720
040 _aAR-CcCEOS
_bspa
_cAR-CcCEOS
041 _aspa
080 _a909.81
090 _bBUR v.2
100 _aS. C. Burchell
_91124
245 _aLa edad del progreso (1850-1910) :
_bVolumen II /
_cS. C. Burchell
264 _aBarcelona :
_bFolio,
_c1995.
300 _a185 p. ;
_c24x18 cm.
490 _vAtlas culturales del mundo
655 0 _aarte
_9138
942 _2udc
_cBK
_n0
999 _c28937
_d28937